[Event "Prague op-B 20th"]
[Site "Prague"]
[Date "2022.01.09"]
[Round "4"]
[White "Kusak, Lubomir"]
[Black "Turp, Hueseyin"]
[Result "1/2-1/2"]
[WhiteElo "1748"]
[BlackElo "1595"]
[PlyCount "69"]
[EventDate "2022.01.07"]
[EventType "swiss"]
[EventRounds "9"]
[EventCountry "CZE"]
[SourceTitle "CBM 206 Extra"]
[Source "ChessBase"]
[SourceDate "2022.03.31"]
[SourceVersion "1"]
[SourceVersionDate "2022.03.31"]
[SourceQuality "1"]

1. c4 c6 2. d4 d5 3. cxd5 cxd5 4. Nc3 Nc6 5. g3 Nf6 6. Bg2 e6 7. Nf3 Be7 8. 0-0 a6 9. a3 Bd7 10. Bf4 h6 11. h4 Rc8 12. Re1 0-0 13. Ne5 Nh5 14. Be3 Nxe5 15. dxe5 Bxh4 16. gxh4 Rc4 17. Qd3 Qxh4 18. b3 Rg4 19. Bd2 d4 20. f3 Rxg2+ 21. Kxg2 Qg3+ 22. Kh1 dxc3 23. Qxc3 Qf2 24. Rg1 Ng3+ 25. Rxg3 Qxg3 26. Qd4 Bc6 27. Bf4 Qh3+ 28. Kg1 Qf5 29. Kf2 Kh7 30. Rh1 Rc8 31. Qd2 Qg6 32. Rg1 Qf5 33. Rh1 Qg6 34. Rg1 Qf5 35. Rh1 1/2-1/2

[Event "Prague op-B 19th"]
[Site "Prague"]
[Date "2020.01.16"]
[Round "8"]
[White "Denizet, Briac"]
[Black "Kusak, Lubomir"]
[Result "1-0"]
[WhiteElo "1852"]
[BlackElo "1767"]
[PlyCount "43"]
[EventDate "2020.01.10"]
[EventType "swiss"]
[EventRounds "9"]
[EventCountry "CZE"]
[SourceTitle "CBM 195 Extra"]
[Source "ChessBase"]
[SourceDate "2020.05.31"]
[SourceVersion "1"]
[SourceVersionDate "2020.05.31"]
[SourceQuality "1"]

1. e4 d5 2. exd5 Nf6 3. d4 Nxd5 4. c4 Nf6 5. Nf3 c6 6. Nc3 Bf5 7. Bd3 Bxd3 8. Qxd3 e6 9. Bg5 Nbd7 10. 0-0 Be7 11. d5 Nxd5 12. cxd5 Bxg5 13. dxe6 fxe6 14. Nxg5 Qxg5 15. Ne4 Qd5 16. Qe3 Nf6 17. Nc5 Kf7 18. Rfd1 Qf5 19. Nxb7 Ke7 20. Qa3+ c5 21. Nxc5 Nd5 22. Ne4+ 1-0

[Event "Prague op-B 18th"]
[Site "Prague"]
[Date "2019.01.12"]
[Round "2"]
[White "Kusak, Lubomir"]
[Black "Ahn, Juyong"]
[Result "1-0"]
[WhiteElo "1767"]
[BlackElo "1439"]
[PlyCount "53"]
[EventDate "2019.01.11"]
[EventType "swiss"]
[EventRounds "9"]
[EventCountry "CZE"]
[SourceTitle "CBM 188 Extra"]
[Source "ChessBase"]
[SourceDate "2019.02.26"]
[SourceVersion "1"]
[SourceVersionDate "2019.02.26"]
[SourceQuality "1"]

1. c4 e5 2. g3 Nf6 3. Nc3 Bc5 4. Bg2 0-0 5. e3 c6 6. Nge2 d6 7. 0-0 Bb6 8. d4 Bg4 9. d5 Qd7 10. f3 Bf5 11. b4 Na6 12. a3 Rac8 13. Kh1 Rfd8 14. e4 Bh3 15. Bg5 Bxg2+ 16. Kxg2 Qe7 17. f4 exf4 18. Rxf4 Kh8 19. Qf1 Rg8 20. Rxf6 cxd5 21. Rf5 Qe6 22. cxd5 Qe8 23. Rxf7 Rxc3 24. Nxc3 Qe5 25. Bd2 Bd4 26. Qd3 Bb6 27. Raf1 1-0

[Event "Karvina op"]
[Site "Karvina"]
[Date "2015.07.03"]
[Round "7"]
[White "Kutalkova, Sarka"]
[Black "Kusak, Lubomir"]
[Result "0-1"]
[WhiteElo "1558"]
[BlackElo "1686"]
[PlyCount "60"]
[EventDate "2015.06.27"]
[EventType "swiss"]
[EventRounds "9"]
[EventCountry "CZE"]
[SourceTitle "CBM 167 Extra"]
[Source "ChessBase"]
[SourceDate "2015.09.14"]
[SourceVersion "1"]
[SourceVersionDate "2015.09.14"]
[SourceQuality "1"]

1. c4 e5 2. Nc3 f5 3. g3 Nf6 4. Bg2 Bc5 5. e3 Nc6 6. Nge2 0-0 7. 0-0 d6 8. d4 Bb6 9. Nd5 e4 10. Nef4 Ne7 11. Nxf6+ Rxf6 12. a3 a5 13. b3 c6 14. Bb2 d5 15. c5 Bc7 16. Ne2 g5 17. h3 Ng6 18. Nc3 f4 19. f3 fxe3 20. fxe4 Bxg3 21. Rxf6 Qxf6 22. Qf1 Bf2+ 23. Kh1 g4 24. Nd1 Qh4 25. Nxf2 exf2 26. Kh2 Nf4 27. Bc1 g3+ 28. Kh1 Nxh3 29. Bxh3 Bxh3 30. Bg5 Qh5 0-1

[Event "Orlova op-A 12th"]
[Site "Orlova"]
[Date "2015.05.29"]
[Round "6"]
[White "Kusak, Lubomir"]
[Black "Zielinski, Andrzej1111"]
[Result "1-0"]
[WhiteElo "1690"]
[BlackElo "1828"]
[PlyCount "73"]
[EventDate "2015.05.24"]
[EventType "swiss"]
[EventRounds "9"]
[EventCountry "CZE"]
[SourceTitle "CBM 166 Extra"]
[Source "ChessBase"]
[SourceDate "2015.06.18"]
[SourceVersion "1"]
[SourceVersionDate "2015.06.18"]
[SourceQuality "1"]

1. e4 c5 2. c4 Nc6 3. Nf3 d6 4. d4 cxd4 5. Nxd4 g6 6. Be3 Bg7 7. Nc3 Nf6 8. Be2 Bd7 9. 0-0 Ne5 10. f3 h5 11. Qb3 b6 12. Rac1 0-0 13. Ndb5 Nc6 14. Nd5 Ne8 15. Bg5 Be6 16. f4 a6 17. Nbc3 Bxd5 18. Nxd5 Nd4 19. Qd3 Nxe2+ 20. Qxe2 f6 21. Bh4 e6 22. Ne3 Qc7 23. g4 Qf7 24. gxh5 gxh5 25. f5 Bh6 26. Kh1 Kh7 27. Rg1 exf5 28. exf5 Qb7+ 29. Nd5 Ng7 30. Qg2 Kh8 31. Rce1 Rae8 32. Bxf6 Rxe1 33. Rxe1 Rxf6 34. Nxf6 Qxg2+ 35. Kxg2 Nxf5 36. b3 Nd4 37. Nd5 1-0

[Event "Orlova op-A 12th"]
[Site "Orlova"]
[Date "2015.05.27"]
[Round "4"]
[White "Kusak, Lubomir"]
[Black "Kraus, Frantisek"]
[Result "0-1"]
[WhiteElo "1690"]
[BlackElo "2052"]
[PlyCount "56"]
[EventDate "2015.05.24"]
[EventType "swiss"]
[EventRounds "9"]
[EventCountry "CZE"]
[SourceTitle "CBM 166 Extra"]
[Source "ChessBase"]
[SourceDate "2015.06.18"]
[SourceVersion "1"]
[SourceVersionDate "2015.06.18"]
[SourceQuality "1"]

1. e4 Nf6 2. Nc3 d5 3. exd5 Nxd5 4. Bc4 e6 5. Nf3 Be7 6. 0-0 0-0 7. d4 Nxc3 8. bxc3 Nd7 9. Bf4 Nf6 10. Bd3 b6 11. Ne5 Bb7 12. Re1 c5 13. Bg3 cxd4 14. cxd4 Bb4 15. Re2 Bc3 16. Rb1 Bxd4 17. Rd2 Bxe5 18. Bxe5 Nd5 19. Bxh7+ Kxh7 20. Qh5+ Kg8 21. Rb3 f6 22. Bb2 Nf4 23. Qd1 Qe8 24. Ba3 Qc6 25. f3 Rfe8 26. Rd6 Qc8 27. g3 Nh3+ 28. Kg2 Ng5 0-1

[Event "Orlova op-A 12th"]
[Site "Orlova"]
[Date "2015.05.24"]
[Round "1"]
[White "Grabarczyk, Miroslaw"]
[Black "Kusak, Lubomir"]
[Result "1-0"]
[WhiteElo "2437"]
[BlackElo "1690"]
[PlyCount "56"]
[EventDate "2015.05.24"]
[EventType "swiss"]
[EventRounds "9"]
[EventCountry "CZE"]
[SourceTitle "CBM 166 Extra"]
[Source "ChessBase"]
[SourceDate "2015.06.18"]
[SourceVersion "1"]
[SourceVersionDate "2015.06.18"]
[SourceQuality "1"]

1. d4 c5 2. d5 f5 3. Nf3 Nf6 4. c4 g6 5. Nc3 Bg7 6. g3 Qb6 7. Nd2 0-0 8. Bg2 d6 9. 0-0 Nbd7 10. b3 Ne5 11. Bb2 Bd7 12. Qc2 Bh6 13. e3 Rf7 14. Rae1 Raf8 15. f4 g5 16. fxe5 dxe5 17. Nf3 Ng4 18. Na4 Qc7 19. h3 e4 20. hxg4 exf3 21. Rxf3 fxg4 22. Rxf7 Rxf7 23. Rf1 Rxf1+ 24. Kxf1 Qxg3 25. Qc3 Bf5 26. Nxc5 b6 27. Ne4 Qc7 28. Nxg5 Qd8 1-0

[Event "Orlova op-A 11th"]
[Site "Orlova"]
[Date "2014.05.30"]
[Round "5"]
[White "Kusak, Lubomir"]
[Black "Cieslak, Patrycjusz"]
[Result "1/2-1/2"]
[WhiteElo "1690"]
[BlackElo "1866"]
[PlyCount "50"]
[EventDate "2014.05.26"]
[EventType "swiss"]
[EventRounds "9"]
[EventCountry "CZE"]
[SourceTitle "CBM 160 Extra"]
[Source "ChessBase"]
[SourceDate "2014.07.01"]
[SourceVersion "1"]
[SourceVersionDate "2014.07.01"]
[SourceQuality "1"]

1. e4 d5 2. e5 c5 3. f4 Nc6 4. c3 d4 5. Nf3 d3 6. c4 Bf5 7. a3 Nd4 8. Nxd4 Qxd4 9. Qf3 Be4 10. Qe3 Qxc4 11. Nc3 Bg6 12. b3 Qxb3 13. g4 e6 14. Bg2 Qc4 15. Bxb7 Rb8 16. Bc6+ Kd8 17. 0-0 Ne7 18. Bg2 h5 19. h3 hxg4 20. hxg4 Rh4 21. Qg3 Qd4+ 22. Rf2 Rh8 23. Ra2 c4 24. a4 a6 25. Ba3 f5 1/2-1/2

[Event "Orlova op-A 11th"]
[Site "Orlova"]
[Date "2014.05.27"]
[Round "2"]
[White "Maroszczyk, Wieslaw"]
[Black "Kusak, Lubomir"]
[Result "1-0"]
[WhiteElo "1946"]
[BlackElo "1690"]
[PlyCount "49"]
[EventDate "2014.05.26"]
[EventType "swiss"]
[EventRounds "9"]
[EventCountry "CZE"]
[SourceTitle "CBM 160 Extra"]
[Source "ChessBase"]
[SourceDate "2014.07.01"]
[SourceVersion "1"]
[SourceVersionDate "2014.07.01"]
[SourceQuality "1"]

1. d4 c5 2. d5 f5 3. g3 Nf6 4. Bg2 d6 5. c4 g6 6. Nc3 Bg7 7. Qc2 Nbd7 8. Nf3 Ne5 9. Nxe5 dxe5 10. e4 0-0 11. 0-0 Ne8 12. f4 Nd6 13. Qe2 exf4 14. Bxf4 Bd4+ 15. Kh1 e5 16. dxe6 Bxe6 17. Bxd6 Qxd6 18. Nb5 Qd7 19. Nxd4 cxd4 20. exf5 gxf5 21. Rae1 Rfe8 22. Qd3 Rac8 23. Rxe6 Rxe6 24. Bd5 Rcc6 25. Qxf5 1-0

[Event "Ostrava Konik op"]
[Site "Ostrava"]
[Date "2014.04.28"]
[Round "3"]
[White "Kusak, Lubomir"]
[Black "Soukup, Ondrej"]
[Result "1-0"]
[WhiteElo "1685"]
[BlackElo "1250"]
[PlyCount "71"]
[EventDate "2014.04.26"]
[EventType "swiss"]
[EventRounds "9"]
[EventCountry "CZE"]
[SourceTitle "CBM 160 Extra"]
[Source "ChessBase"]
[SourceDate "2014.07.01"]
[SourceVersion "1"]
[SourceVersionDate "2014.07.01"]
[SourceQuality "1"]

1. e4 c5 2. Nf3 d6 3. d4 cxd4 4. Nxd4 a6 5. Nc3 Nf6 6. Bg5 e5 7. Nb3 Be6 8. Be2 Nbd7 9. Qd2 Be7 10. f4 b5 11. Bf3 0-0 12. f5 Bc4 13. Be3 Rc8 14. g4 Nc5 15. Nxc5 dxc5 16. Qg2 Qc7 17. g5 Nd7 18. f6 Bd8 19. fxg7 Kxg7 20. Qh3 Kh8 21. Bg4 Be6 22. Bxe6 fxe6 23. Qxe6 Rf3 24. Nd5 Qb7 25. 0-0-0 Rc6 26. Qg4 Rf8 27. Rhf1 Rxf1 28. Rxf1 Rg6 29. Rf7 Rd6 30. Qf5 Rg6 31. Rxd7 Qb8 32. Qf7 Be7 33. Qxe7 Qg8 34. Nf6 Qg7 35. Rd8+ Qg8 36. Qxh7# 1-0